000 00425nam a2200169Ia 4500
008 170705s9999 xx 000 0 und d
020 _a9780439216487
245 _aClick, clack, splish, splash /
245 _cDoreen Cronin ; pictures by Betsy Lewin.
260 _aNew York :
260 _bScholastic,
260 _c2006
300 _aunpaged :
300 _bcolor illustration ;
300 _c23cm.
500 _a160
999 _c336779
_d336779